00445cam a2200157 a 45000010009000000050017000090080041000260200015000670400018000820820021001001000024001212450046001452600054001913000018002456500024002631485160920240122235804.0070516s2006 ce a 000 0aeng  a9559102907 aDLCcDLCdDLC 222a305.5.bJEN.1 aArasanayagam, Jean.12aA nice burgher girl /cJean Arasanayagam. aColombo :bSocial Scientists' Association,c2006. axvi, 456 p. : 0aAuthors, Sri Lankan